Harmonising taxation of inter-state trade under a sub-national VAT: lessons from international experience (Record no. 434125)

000 -LEADER
fixed length control field 00475cam a22001337a 4500
008 - FIXED-LENGTH DATA ELEMENTS--GENERAL INFORMATION
fixed length control field 180718b2002 xxu||||| |||| 00| 0 eng d
082 ## - DEWEY DECIMAL CLASSIFICATION NUMBER
Classification number L2 P947
100 ## - MAIN ENTRY--PERSONAL NAME
Personal name Purohit, Mahesh C.
245 ## - TITLE STATEMENT
Title Harmonising taxation of inter-state trade under a sub-national VAT: lessons from international experience
Statement of responsibility, etc. by Mahesh C. Purohit
260 ## - PUBLICATION, DISTRIBUTION, ETC.
Place of publication, distribution, etc. Delhi
Name of publisher, distributor, etc. National Institute of Public Finance and Policy
Date of publication, distribution, etc. 2002
300 ## - PHYSICAL DESCRIPTION
Extent 24p.
500 ## - GENERAL NOTE
General note Discussion paper, no. 8
650 ## - SUBJECT ADDED ENTRY--TOPICAL TERM
Topical term or geographic name entry element Taxation
Holdings
Withdrawn status Lost status Source of classification or shelving scheme Damaged status Not for loan Permanent Location Current Location Date acquired Full call number Barcode Date last seen Price effective from Koha item type
          Indian Institute of Public Administration Indian Institute of Public Administration 2010-02-12 L2 P947 GR21210 2018-07-21 2018-07-21 GR

Powered by Koha